Chargement en cours...
The cute and the cool wondrous innocence and modern American children's culture /
The cute child - spunky, yet dependent, naughty but nice - is largely a 20th-century invention. In this book, Gary Cross examines how that look emerged in American popular culture and how the cute turned into the cool, seemingly its opposite, in stories and games.
| Auteur principal: | |
|---|---|
| Format: | eBook |
| Langue: | English |
| Publié: |
Oxford :
Oxford University Press,
2004.
|
| Sujets: | |
| Accès en ligne: | Click here to view full text |
| LEADER | 01745nam a2200361 a 4500 | ||
|---|---|---|---|
| 001 | EDZ0000072600 | ||
| 003 | StDuBDS | ||
| 005 | 20200624130733.0 | ||
| 006 | m||||||||d|||||||| | ||
| 007 | cr|||||||||||| | ||
| 008 | 120413s2004 enka fo| 001 0 eng|d | ||
| 020 | |a 9780199868254 (ebook) : |c No price | ||
| 040 | |a StDuBDS |c StDuBDS | ||
| 050 | 0 | |a HQ783 |b .C74 2004 | |
| 082 | 0 | 4 | |a 305.231 |2 23 |
| 100 | 1 | |a Cross, Gary S. | |
| 245 | 1 | 4 | |a The cute and the cool |h [electronic resource] : |b wondrous innocence and modern American children's culture / |c Gary Cross. |
| 260 | |a Oxford : |b Oxford University Press, |c 2004. | ||
| 300 | |a 1 online resource (259 p.) : |b ill. | ||
| 500 | |a On-campus only: no User ID or password required | ||
| 504 | |a Includes bibliographical references and index. | ||
| 520 | 8 | |a The cute child - spunky, yet dependent, naughty but nice - is largely a 20th-century invention. In this book, Gary Cross examines how that look emerged in American popular culture and how the cute turned into the cool, seemingly its opposite, in stories and games. | |
| 588 | |a Description based on print version record. | ||
| 650 | 0 | |a Children |z United States |x History. | |
| 650 | 0 | |a Children in popular culture. | |
| 650 | 0 | |a Toys |x Social aspects |z United States. | |
| 650 | 0 | |a Parenting |z United States |x History. | |
| 650 | 0 | |a Children |z United States |v Caricatures and cartoons. | |
| 650 | 0 | |a Innocence (Psychology) | |
| 776 | 0 | 8 | |i Print version |z 9780195156669 |
| 856 | 4 | 0 | |u http://dx.doi.org/10.1093/acprof:oso/9780195156669.001.0001 |z Available Online |y Click here to view full text |
| 999 | |c 99057 |d 99057 | ||
| 952 | |0 0 |1 0 |4 0 |6 EBOOK |7 0 |9 98483 |a UL |b UL |c ST1 |d 2013-06-03 |l 0 |o eBook |r 2013-06-03 |w 2013-06-03 |y EB |z eBook from Oxford Scholarship Online | ||